书目信息 |
| 题名: |
无线电引信原理
|
|
| 作者: | 余叔涵 编著 | |
| 分册: | ||
| 出版信息: | 北京 国防工业出版社 1982 |
|
| 页数: | 157页 | |
| 开本: | 21cm | |
| 丛书名: | ||
| 单 册: | ||
| 中图分类: | TJ430.1 | |
| 科图分类: | ||
| 主题词: | 无线电引信--理论 | |
| 电子资源: | ||
| ISBN: | ||
| 000 | 00602nam0 2200229 45 | |
| 001 | 0182010550 | |
| 005 | 20060719093717.87 | |
| 010 | @dCNY0.67 | |
| 091 | @aCN@b15034.2349 | |
| 100 | @a19950309d1982 em y0chiy0121 ea | |
| 101 | 0 | @achi |
| 102 | @aCN@b110000 | |
| 105 | @ay z 000yy | |
| 200 | 10 | @a无线电引信原理@Awu xian dian yin xin yuan li@f余叔涵编著 |
| 210 | @a北京@c国防工业出版社@d1982 | |
| 215 | @a157页@d21cm | |
| 606 | @a无线电引信@x理论 | |
| 690 | @aTJ430.1@v3 | |
| 701 | 0 | @a余叔涵@Ayu shu han@4编著 |
| 801 | 2 | @aCN@bNLC@c20060719 |
| 801 | 0 | @aCN@bTSSF |
| 905 | @a10447@dTJ430.1@e4 | |
| 无线电引信原理/余叔涵编著.-北京:国防工业出版社,1982 |
| 157页;21cm |
| ISBN :CNY0.67 |
| ● |
| 相关链接 |
|
|
|
|
正题名:无线电引信原理
索取号:TJ430.1/4
 
预约/预借
| 序号 | 登录号 | 条形码 | 馆藏地/架位号 | 状态 | 备注 |
| 1 | 0437582 | 204375826 | 密集书库/ [索取号:TJ430.1/4] | 在馆 | |
| 2 | 0437586 | 204375862 | 密集书库/ [索取号:TJ430.1/4] | 在馆 | |
| 3 | 0437623 | 204376237 | 密集书库/ [索取号:TJ430.1/4] | 在馆 | |
| 4 | 0437624 | 204376246 | 密集书库/ [索取号:TJ430.1/4] | 在馆 |